[Event "OP-2017-0-04469"]
[Site "LSS email"]
[Date "2017.11.10"]
[Round "?"]
[White "Gambacorta, Sergio"]
[Black "Shim Ng Min, Francis"]
[Result "1-0"]
[WhiteElo "1664"]
[BlackElo "1188"]
[PlyCount "29"]
[EventDate "2017.10.31"]
[EventType "tourn (corr)"]
[EventRounds "4"]
[EventCountry "GER"]
[SourceTitle "Corr 2022"]
[Source "ChessBase"]
[SourceDate "2021.10.24"]
[SourceVersion "1"]
[SourceVersionDate "2021.10.24"]
[SourceQuality "1"]

1. e4 c5 2. Nf3 d6 3. d4 cxd4 4. Nxd4 Nf6 5. Nc3 a6 6. Bg5 Nbd7 7. Bd3 e6 8. 0-0 Be7 9. Qf3 0-0 10. Qh3 Nc5 11. Rad1 Nxd3 12. Rxd3 g6 13. Qh4 e5 14. Nf3 Nd7 15. Bxe7 1-0

[Event "OP-2017-0-04442"]
[Site "LSS email"]
[Date "2017.09.27"]
[Round "?"]
[White "Gambacorta, Sergio"]
[Black "Boukadoum, Mohamed"]
[Result "1-0"]
[WhiteElo "1643"]
[BlackElo "678"]
[PlyCount "63"]
[EventDate "2017.09.22"]
[EventType "tourn (corr)"]
[EventRounds "4"]
[EventCountry "GER"]
[SourceTitle "Corr 2022"]
[Source "ChessBase"]
[SourceDate "2021.10.24"]
[SourceVersion "1"]
[SourceVersionDate "2021.10.24"]
[SourceQuality "1"]

1. e4 d5 2. exd5 Qxd5 3. Nc3 Qa5 4. d4 Nf6 5. Nf3 Bg4 6. h3 Bxf3 7. Qxf3 c6 8. Bd2 e6 9. Ne4 Qd8 10. Nxf6+ gxf6 11. c3 Bd6 12. Bd3 Nd7 13. 0-0-0 Qc7 14. Kb1 0-0-0 15. g4 Rhg8 16. Bxh7 Rg7 17. Bc2 Rh8 18. h4 Rhg8 19. h5 Rh8 20. Rh3 Kb8 21. h6 Rgg8 22. h7 Re8 23. c4 e5 24. d5 Bf8 25. dxc6 Qxc6 26. Qxc6 bxc6 27. Rb3+ Ka8 28. Be4 Nb8 29. Ba5 Rc8 30. Bc7 Rxc7 31. Rd8 Bg7 32. Rbxb8# 1-0

[Event "OP-2017-0-04442"]
[Site "LSS email"]
[Date "2017.09.27"]
[Round "?"]
[White "Gambacorta, Sergio"]
[Black "Lombardi, Donato"]
[Result "1-0"]
[WhiteElo "1643"]
[BlackElo "831"]
[PlyCount "27"]
[EventDate "2017.09.22"]
[EventType "tourn (corr)"]
[EventRounds "4"]
[EventCountry "GER"]
[SourceTitle "Corr 2022"]
[Source "ChessBase"]
[SourceDate "2021.10.24"]
[SourceVersion "1"]
[SourceVersionDate "2021.10.24"]
[SourceQuality "1"]

1. e4 e6 2. d4 d5 3. Nc3 Nf6 4. Bg5 Be7 5. e5 Nfd7 6. Bxe7 Qxe7 7. f4 a6 8. Qg4 0-0 9. Bd3 c5 10. Nf3 cxd4 11. Bxh7+ Kxh7 12. Qh3+ Kg8 13. Ng5 Nxe5 14. Qh7# 1-0

[Event "OP-2017-0-04266"]
[Site "LSS email"]
[Date "2017.01.22"]
[Round "?"]
[White "Gambacorta, Sergio"]
[Black "Kolanek, Sylwia"]
[Result "0-1"]
[WhiteElo "1658"]
[BlackElo "1827"]
[PlyCount "60"]
[EventDate "2017.01.18"]
[EventType "tourn (corr)"]
[EventRounds "4"]
[EventCountry "GER"]
[SourceTitle "Corr 2022"]
[Source "ChessBase"]
[SourceDate "2021.10.24"]
[SourceVersion "1"]
[SourceVersionDate "2021.10.24"]
[SourceQuality "1"]

1. e4 c5 2. Nf3 d6 3. d4 cxd4 4. Nxd4 Nf6 5. Nc3 a6 6. Bg5 e6 7. Qf3 Nbd7 8. 0-0-0 Qc7 9. a3 b5 10. Qg3 Be7 11. Be2 Bb7 12. Rhe1 Rc8 13. Kb1 0-0 14. Bh6 Ne8 15. f4 Qb6 16. Bg5 Bxg5 17. fxg5 Nc5 18. Bf3 b4 19. axb4 Qxb4 20. Re3 Rb8 21. b3 e5 22. Nf5 Kh8 23. Ne7 Qa3 24. Rde1 Bc8 25. Bd1 Be6 26. Qh4 g6 27. R1e2 Ng7 28. Ned5 Bxd5 29. Nxd5 Rfc8 30. Rh3 Nh5 0-1

[Event "OP-2016-0-04104"]
[Site "LSS email"]
[Date "2016.07.21"]
[Round "?"]
[White "Gambacorta, Sergio"]
[Black "Pocivavsek, Darko"]
[Result "0-1"]
[WhiteElo "1943"]
[BlackElo "800"]
[PlyCount "142"]
[EventDate "2016.07.15"]
[EventType "tourn (corr)"]
[EventRounds "4"]
[EventCountry "GER"]
[SourceTitle "Corr 2022"]
[Source "ChessBase"]
[SourceDate "2021.10.24"]
[SourceVersion "1"]
[SourceVersionDate "2021.10.24"]
[SourceQuality "1"]

1. e4 e5 2. Nf3 Nc6 3. Bb5 a6 4. Ba4 Nf6 5. 0-0 Be7 6. Re1 b5 7. Bb3 0-0 8. c3 d6 9. h3 Na5 10. d4 Nxb3 11. axb3 Bb7 12. Qc2 Re8 13. Nbd2 exd4 14. cxd4 Bf8 15. b4 Rc8 16. b3 Qe7 17. Qb2 Nxe4 18. Nxe4 Bxe4 19. Ng5 d5 20. f3 h6 21. fxe4 hxg5 22. e5 g4 23. hxg4 Qh4 24. Bd2 Re6 25. g5 Be7 26. Qc3 Bxg5 27. Bxg5 Qxg5 28. Rf1 Rh6 29. Rf3 Qg4 30. Raf1 Rf8 31. Qe3 Rg6 32. Qf2 Qe6 33. Qh4 Qg4 34. Qf2 f6 35. Rf4 Qg3 36. Qc2 Re8 37. R4f3 Qg5 38. Rf5 Qe3+ 39. R5f2 Rh6 40. Qc6 Re7 41. Qxd5+ Kh7 42. exf6 Rxf6 43. Qh5+ Kg8 44. Qd5+ Ree6 45. Qd8+ Re8 46. Qd5+ Kh7 47. Qh5+ Rh6 48. Qf5+ Kh8 49. Qf4 Qxb3 50. Qf7 Qe3 51. Qxe8+ Qxe8 52. Rf8+ Qxf8 53. Rxf8+ Kh7 54. d5 Rd6 55. Ra8 Kg6 56. Kf2 Kf5 57. Ke3 Rg6 58. Kf3 Ke5 59. Ra7 Rf6+ 60. Ke3 Rf4 61. Rxa6 Rxb4 62. Rg6 Kxd5 63. Rxg7 c5 64. Rd7+ Kc6 65. Rd8 Rg4 66. Kf3 Rg7 67. Rc8+ Kd5 68. g4 b4 69. Rd8+ Kc4 70. Rc8 b3 71. Kf4 Rb7 0-1

[Event "OP-2016-0-04104"]
[Site "LSS email"]
[Date "2016.07.21"]
[Round "?"]
[White "Grillo, Roberto"]
[Black "Gambacorta, Sergio"]
[Result "1/2-1/2"]
[WhiteElo "1640"]
[BlackElo "1943"]
[PlyCount "50"]
[EventDate "2016.07.15"]
[EventType "tourn (corr)"]
[EventRounds "4"]
[EventCountry "GER"]
[SourceTitle "Corr 2022"]
[Source "ChessBase"]
[SourceDate "2021.10.24"]
[SourceVersion "1"]
[SourceVersionDate "2021.10.24"]
[SourceQuality "1"]

1. d4 Nf6 2. c4 e6 3. g3 d5 4. Nf3 dxc4 5. Bg2 c5 6. 0-0 Nc6 7. Qa4 cxd4 8. Nxd4 Qxd4 9. Bxc6+ Bd7 10. Rd1 Bxc6 11. Qxc6+ bxc6 12. Rxd4 Be7 13. Rxc4 c5 14. Bf4 Nd5 15. Na3 0-0 16. Bd2 Rab8 17. b3 Rfd8 18. Ba5 Rd7 19. Rd1 Rbb7 20. Rc2 Nb4 21. Rcd2 Rxd2 22. Rxd2 Kf8 23. e4 Ke8 24. Nc4 Rd7 25. Re2 Rd1+ 1/2-1/2

[Event "OP-2015-0-03712"]
[Site "LSS email"]
[Date "2015.05.10"]
[Round "?"]
[White "Juarez Hdez, Jose C"]
[Black "Gambacorta, Sergio"]
[Result "0-1"]
[WhiteElo "800"]
[BlackElo "1943"]
[PlyCount "38"]
[EventDate "2015.05.08"]
[EventType "tourn (corr)"]
[EventRounds "4"]
[EventCountry "GER"]
[SourceTitle "Corr 2022"]
[Source "ChessBase"]
[SourceDate "2021.10.24"]
[SourceVersion "1"]
[SourceVersionDate "2021.10.24"]
[SourceQuality "1"]

1. e4 e6 2. Nf3 d5 3. exd5 exd5 4. d4 Bd6 5. Bd3 Ne7 6. Nc3 c6 7. Ne2 Bg4 8. Nd2 0-0 9. 0-0 Qc7 10. h3 Bh5 11. Nb3 Nd7 12. Qe1 Rfe8 13. Be3 Rac8 14. f4 Ng6 15. f5 Rxe3 16. fxg6 Bxg6 17. Qf2 Rce8 18. Bxg6 fxg6 19. Qf7+ Kh8 0-1